| 000 | 01086nac a2200301 i 4500 | ||
|---|---|---|---|
| 003 | EG-GICUC | ||
| 005 | 20260427104938.0 | ||
| 008 | 260427s1896 fr ||||fr|||| 00| 0 fre d | ||
| 040 |
_a EG-GICUC _bfre _c EG-GICUC _d EG-GICUC _erda |
||
| 041 | _afre | ||
| 082 | 0 | 4 |
_221 _a343.76605 _bCO |
| 092 | 0 | 4 | _221 |
| 099 | _aLaw1 10 343.76605 CO 1896 1011358 C1 | ||
| 111 | 2 |
_aInternational Penal and Prison Congress _eAuthor. |
|
| 245 | 1 | 2 |
_aVe Congrès Pénitentiaire International (Paris -1895) : _bRépublique Française, Ministère de l'Intérieur / _cInternational Penal and Prison Congress. _nTroisième Section, _pRapports. |
| 264 | 1 |
_aMelun : _bImprimerir Administrative, _c1896. |
|
| 300 |
_a465 pages ; _c25 cm. |
||
| 336 |
_2rda content _atext |
||
| 337 |
_2rda media _aComputer |
||
| 338 |
_2rda carrier _aOnline Resource |
||
| 546 | _aالنص باللغة الفرنسية | ||
| 650 | 1 | 4 |
_aDroit pénal _zFrance |
| 650 | 1 | 4 |
_aPrisons _zFrance |
| 651 | 1 | _2qrmak | |
| 856 | 4 | 0 | _uhttps://fll.law.cu.edu.eg/fulltext/bks/B10-11358.pdf |
| 905 | _a164 | ||
| 942 |
_2ddc _n0 _cBK _e21 |
||
| 999 |
_c73622 _d73622 |
||